<?xml version="1.0" encoding="UTF-8"?><?xml-stylesheet type="text/xsl" href="static/style.xsl"?><OAI-PMH xmlns="http://www.openarchives.org/OAI/2.0/" xmlns:xsi="http://www.w3.org/2001/XMLSchema-instance" xsi:schemaLocation="http://www.openarchives.org/OAI/2.0/ http://www.openarchives.org/OAI/2.0/OAI-PMH.xsd"><responseDate>2026-04-14T02:32:12Z</responseDate><request verb="GetRecord" identifier="oai:www.recercat.cat:10230/27639" metadataPrefix="marc">https://recercat.cat/oai/request</request><GetRecord><record><header><identifier>oai:recercat.cat:10230/27639</identifier><datestamp>2025-12-13T20:52:22Z</datestamp><setSpec>com_2072_6</setSpec><setSpec>col_2072_452954</setSpec></header><metadata><record xmlns="http://www.loc.gov/MARC21/slim" xmlns:dcterms="http://purl.org/dc/terms/" xmlns:xsi="http://www.w3.org/2001/XMLSchema-instance" xmlns:doc="http://www.lyncode.com/xoai" xsi:schemaLocation="http://www.loc.gov/MARC21/slim http://www.loc.gov/standards/marcxml/schema/MARC21slim.xsd">
   <leader>00925njm 22002777a 4500</leader>
   <datafield ind2=" " ind1=" " tag="042">
      <subfield code="a">dc</subfield>
   </datafield>
   <datafield ind2=" " ind1=" " tag="720">
      <subfield code="a">Surís Coll-Vinent, Martí</subfield>
      <subfield code="e">author</subfield>
   </datafield>
   <datafield ind2=" " ind1=" " tag="260">
      <subfield code="c">2016-11-30T13:26:52Z</subfield>
   </datafield>
   <datafield ind2=" " ind1=" " tag="260">
      <subfield code="c">2016-11-30T13:26:52Z</subfield>
   </datafield>
   <datafield ind2=" " ind1=" " tag="260">
      <subfield code="c">2016-06-03</subfield>
   </datafield>
   <datafield ind2=" " ind1=" " tag="520">
      <subfield code="a">Treball de Fi de Grau en Dret. Curs 2015-2016</subfield>
   </datafield>
   <datafield ind2=" " ind1=" " tag="520">
      <subfield code="a">Tutora: Sílvia Morgades Gil</subfield>
   </datafield>
   <datafield ind2=" " ind1=" " tag="520">
      <subfield code="a">L’arribada de refugiats procedents de l’Orient Mitjà a Europa ha generat un fort debat social sobre la necessitat de proporcionar acollida a aquestes persones i com dur-ho a terme. Aquest treball pretén ajudar a entendre el context en el qual es desenvolupa aquesta onada migratòria estudiant certs aspectes de l’acollida de sol·licitants d’asil a Europa, Espanya i Catalunya./nEn primer lloc, s’analitza el dret d’asil des d’una perspectiva legal, estudiant la normativa aplicable. En segon lloc, es destaquen possibles vulneracions del dret d’asil que s’han produït recentment. En tercer lloc, s’analitza com es du a terme l’acollida a la pràctica. Finalment, es discuteixen les raons que justifiquen la necessitat d’acollir refugiats./nMalgrat la inseguretat que domina aquest tema pel canvi constant que es produeix en la situació material i jurídica dels sol·licitants d’asil, considero que aquest treball és útil perquè dóna una visió de l’actual sistema que és necessària per entendre les futures variacions.</subfield>
   </datafield>
   <datafield tag="653" ind2=" " ind1=" ">
      <subfield code="a">Treball de fi de grau – Curs 2015-2016</subfield>
   </datafield>
   <datafield ind2="0" ind1="0" tag="245">
      <subfield code="a">L&amp;apos;acollida de sol·licitants d&amp;apos;asil : anàlisi i possibles vulneracions a Europa, Espanya i Catalunya</subfield>
   </datafield>
</record></metadata></record></GetRecord></OAI-PMH>